| 000 | 00649cab a22001935a 4500 | ||
|---|---|---|---|
| 001 | L146167 | ||
| 008 | 081215s2008 xxkad f s 000 0 eng d | ||
| 035 | _a(Sirsi) u146167 | ||
| 041 | 0 | _aeng | |
| 110 | 2 |
_aAsiaProperty _95571 |
|
| 245 | 0 | 0 |
_aKey data _boccupiers |
| 260 | _c2008 | ||
| 490 | 0 |
_aAsia Property _vDecember 2008, 30(1) |
|
| 520 | _aReports that new major cities are sprouting up across China leading to investment opportunities. Reveals that Hong Kong rents have turned downwards after a year of steady growth. | ||
| 590 | _aKA | ||
| 651 | 4 | _aAsia | |
| 690 | _aPROPERTY-COMMERCIAL PROPERTY-COMMERCIAL PROPERTY MARKET | ||
| 942 | _n0 | ||
| 999 |
_c81063 _d81063 |
||